Carregant...

Ship hydrostatics and stability

Dades bibliogràfiques
Autor principal: Biran, Adria López-Pulido, Rubén
Format: Printed Book
Edició:2
LEADER 00402nam a22001217a 4500
999 |c 28316  |d 28316 
020 |a 9789351072386 
082 |a 623.81  |b BIR/SH 
100 |a Biran, Adria  |a López-Pulido, Rubén 
245 |a Ship hydrostatics and stability 
250 |a 2 
942 |c BK 
952 |0 0  |1 0  |4 0  |6 623_810000000000000_BIR_SH  |7 0  |8 NFIC  |9 39885  |a KUFOS  |b KUFOS  |c GEN  |d 2020-06-02  |o 623.81 BIR/SH  |p 20874  |r 2020-06-02  |w 2020-06-02  |y BK